| 000 | 00420nam a2200157Ia 4500 | ||
|---|---|---|---|
| 008 | 230917s9999||||xx |||||||||||||| ||und|| | ||
| 020 | _cPOU19.95 | ||
| 040 |
_e11301 _aMAIN |
||
| 041 | _aEnglish | ||
| 082 | _a300.72 B580C | ||
| 100 | _aBlalock, Hubert M | ||
| 245 | 0 | _aConceplualization and measurement in the social sciences | |
| 260 |
_aBeverly Hills _bSage Publications _c1982 |
||
| 300 | _a285 p. | ||
| 942 | _cBK | ||
| 999 |
_c230517 _d230517 |
||